00434nam a2200145Ia 4500100001800000942000700018654001600025245003000041260005000071082001000121300000800131546001200139999001700151952012000168 aBeynon/ R.E.  cRB aRoll design aRoll design & mill layout bAssociation of iron & steelaPittsburghc1981 a621.8 a178 aENGLISH c31945d31945 001040708AFTaCRCEbCRCEd2023-03-17eUBSg240.00iT-768l0o621.8 pAFT3121r2023-03-17v240.00w2023-03-17yRB